00181nam a2200073Ia 4500082001200000245003300012100002100045008004100066 aEF PICO 0aSongs of the humpback whale  a Picoult, Jodi, 210825s9999 xx 000 0 und d